000 00277nam a22001337a 4500
008 170606b xxu||||| |||| 00| 0 eng d
020 _a9781592402229
041 _aeng
080 _a94
100 _a18
101 _aSHH
245 _aWAR MADE NEW
_cBOOT,M
942 _2udc
_cBK
999 _c16104
_d16104